00466nam a22001337a 4500003000400000008004100004020001800045082002000063245012200083260005500205300001100260440003800271700002300309OSt260616b |||||||| |||| 00| 0 eng d a9789358877601 a305.40285bR16B aBridging the Digital Divide: Empowering Women in Rural India through Emerging Technology/bedited by Vishnu D. Rajpur aNew Delhi : bNew India Publishing Agency, c2025. a240 p. aThe professional's note series 06 aRajput, Vishnu D.